| 000 | 01005nam a22002415i 4500 | ||
|---|---|---|---|
| 001 | 157478 | ||
| 003 | ES-MaACL | ||
| 005 | 20250701212937.0 | ||
| 008 | 940301s1878 sp |||| | spa d | ||
| 040 |
_aAS _bspa |
||
| 100 | 1 |
_aLeibniz, Gottfried Wilhelm _cFreiherr von. _971367 |
|
| 245 | 1 | 0 |
_aObras de Leibnitz / _cpuestas en lengua castellana por Patricio de Azcárate. |
| 260 |
_aMadrid : _bCasa Editorial de Medina, _c[s.a.] ( _fEstablecimiento tipográfico de J.C. Conde y C\sa\p) |
||
| 300 |
_a5 v. ; _c22 cm. |
||
| 490 | 1 |
_aBiblioteca filosófica ; _v22-26 |
|
| 596 | 1 | _aPalau 7 p. 463 lo fecha hacia 1878. | |
| 596 | _aEl establecimiento tipográfico en el v.5 es de M.P.Montoya y Compañía. | ||
| 597 | 1 | _aT.I (XV, 468 p.) -- T.II (323 p.) -- T.III (394 p.) -- T.IV (427 p.) -- T.V (471 p.) | |
| 700 | 1 |
_aAzcárate, Patricio de, _d1800-1886 _924249 |
|
| 830 | 0 | 0 |
_aBiblioteca filosófica _v22-26 _9179275 |
| 852 |
_aES-MaACL _jD-4974-78 _z-- Rust. |
||
| 999 |
_c157478 _d157478 |
||